TEXT BOOK OF HUMAN ANATOMY & PHYSIOLOGY (Record no. 19376)

MARC details
000 -LEADER
fixed length control field 00336nam a22001457a 4500
003 - CONTROL NUMBER IDENTIFIER
control field SGT
020 ## - INTERNATIONAL STANDARD BOOK NUMBER
International Standard Book Number 978-81-936972-3-8
082 ## - DEWEY DECIMAL CLASSIFICATION NUMBER
Classification number 611
Item number H18R
100 ## - MAIN ENTRY--PERSONAL NAME
Personal name RASTOGI ,SAMEER
245 ## - TITLE STATEMENT
Title TEXT BOOK OF HUMAN ANATOMY & PHYSIOLOGY
260 ## - PUBLICATION, DISTRIBUTION, ETC. (IMPRINT)
Place of publication, distribution, etc DELHI
Name of publisher, distributor, etc MACKHINGEE PUB
Year of Publication 2018
300 ## - PAGE DESCRIPTION
No. of Pages 182
650 ## - SUBJECT ADDED ENTRY--TOPICAL TERM
Topical term or geographic name as entry element PHARMACY
942 ## - ADDED ENTRY ELEMENTS (KOHA)
Source of classification or shelving scheme Dewey Decimal Classification
Koha item type Books
942 ## - ADDED ENTRY ELEMENTS (KOHA)
-- 29
Holdings
Withdrawn status Lost status Source of classification or shelving scheme Damaged status Not for loan Collection code Home library Current library Shelving location Date acquired Vendor Name Cost, normal purchase price SGTU Bill Number Total Checkouts Full call number Accession No. (Barcode) Date last seen Date last borrowed Bill Date Koha item type Use restrictions
    Dewey Decimal Classification     PHARMACY SGT FA-FP Library SGT FA-FP Library Text Book 17/10/2019 KIRTI PRAKASHAN 175.00 SGTU IN4852 9 611 H18R FP3571 13/06/2023 13/06/2023 07/09/2019 Books  
    Dewey Decimal Classification     PHARMACY SGT FA-FP Library SGT FA-FP Library Reference Book 17/10/2019 KIRTI PRAKASHAN 175.00 SGTU IN4852 1 611 H18R FP3572 13/01/2021 13/01/2021 07/09/2019 Books Restricted Access
    Dewey Decimal Classification     PHARMACY SGT FA-FP Library SGT FA-FP Library Text Book 17/10/2019 KIRTI PRAKASHAN 175.00 SGTU IN4852 12 611 H18R FP3573 01/05/2025 25/04/2025 07/09/2019 Books  
    Dewey Decimal Classification     PHARMACY SGT FA-FP Library SGT FA-FP Library Text Book 17/10/2019 KIRTI PRAKASHAN 175.00 SGTU IN4852 18 611 H18R FP3574 02/05/2025 25/04/2025 07/09/2019 Books  
    Dewey Decimal Classification     PHARMACY SGT FA-FP Library SGT FA-FP Library Text Book 17/10/2019 KIRTI PRAKASHAN 175.00 SGTU IN4852 7 611 H18R FP3575 08/05/2025 25/04/2025 07/09/2019 Books